000 00483nam a2200157 i 4500
001 134585
003 ES-MaACL
005 20230906194714.0
007 t|
008 070912s1902 xxu ||||1| eng d
100 1 _aWickson, E. J.
_9116742
245 1 0 _aIrrigation practice among fruit growers on the Pacific coast /
_cby E. J. Wickson.
260 _aWashington :
_b[s.n.],
_c1902.
500 _aPrecede al tít.: U. S. Department of Agriculture.
852 _aES-MaACL
_jT-1110-F-3
999 _c134585
_d134585